| 000 | 00830cam a2200205 4500 | ||
|---|---|---|---|
| 001 | ABS65399 | ||
| 008 | 020507n2002 000 0 eng u | ||
| 035 | _a(Sirsi) u117836 | ||
| 100 | _aCorkum, K | ||
| 245 | _aDefective insurance? | ||
| 260 | _c2002 | ||
| 490 |
_aEstates Gazette _v(0215) 13 April 2002, 130(1) |
||
| 520 | _aLooks at use of defects insurance solution in lease negotiation when parties cannot agree allocation of repairing liability. Recommends landlords offering defects insurance as tenant incentive, involve insurers from outset. Also tenants must examine matrix of policy and lease to assess value of incentive. Warns caution as may not be ideal solution. | ||
| 590 | _aABS | ||
| 650 | _aDEFECTS | ||
| 650 | _aLEASE NEGOTIATIONS | ||
| 690 |
_aINSURANCE _96249 |
||
| 700 | _aMinogue, A | ||
| 942 | _n0 | ||
| 999 |
_c70164 _d70164 |
||